000 00541 a2200157 4500
020 _a0-9744239-7-1
040 _aDLC
_bDLC
100 1 _aKarris, Steven T.
245 1 0 _aIntroduction to Simulink with engineering applications
_cSteven T. Karris
246 1 0 _aIntroduction to Simulink.
260 _a[Fremont, CA] :
_bOrchard Publications,
_cc2006
300 _ax, ca 570 s. med var. pag. :
_bill. ;
_c28 cm
650 0 _aEngineering mathematics
_xData processing
650 0 _aEngineering
_xComputer simulation
942 _cBK
_k620.00151 KAR
_2ddc
999 _c9793
_d9793